ARRUPE JESUIT UNIVERSITY

CORONAVIRUS -STOP THE SPREAD - CLEAN,DISINFECT,COVER

Leadership and the new science (Record no. 7660)

MARC details
000 -LEADER
fixed length control field 00526nam a2200205Ia 4500
003 - CONTROL NUMBER IDENTIFIER
control field 0100
005 - DATE AND TIME OF LATEST TRANSACTION
control field 20190710154145.0
008 - FIXED-LENGTH DATA ELEMENTS--GENERAL INFORMATION
fixed length control field 130303s9999 xx 000 0 und d
040 ## - CATALOGING SOURCE
Transcribing agency ARRUPELIB
050 ## - LIBRARY OF CONGRESS CALL NUMBER
Classification number HD31.W494 1992
300 ## - PHYSICAL DESCRIPTION
Other physical details 164p. 24cm.
100 ## - MAIN ENTRY--PERSONAL NAME
Personal name Wheatley, Margaret J
9 (RLIN) 44849
245 ## - TITLE STATEMENT
Title Leadership and the new science
245 ## - TITLE STATEMENT
Remainder of title learning about organisation from an orderly universe
250 ## - EDITION STATEMENT
Edition statement 1st
260 ## - PUBLICATION, DISTRIBUTION, ETC. (IMPRINT)
Place of publication, distribution, etc San Francisco
Name of publisher, distributor, etc Berrett-Koehler
Date of publication, distribution, etc 1992
300 ## - PHYSICAL DESCRIPTION
Extent xvi
650 ## - SUBJECT ADDED ENTRY--TOPICAL TERM
Topical term or geographic name as entry element Chaotic behaviour in systems
9 (RLIN) 31997
700 ## - ADDED ENTRY--PERSONAL NAME
Personal name Margaret J. Wheatley
9 (RLIN) 46896
942 ## - ADDED ENTRY ELEMENTS (KOHA)
Source of classification or shelving scheme Library of Congress Classification
Koha item type Monograph ( Printed materials)
Holdings
Withdrawn status Lost status Source of classification or shelving scheme Damaged status Not for loan Collection code Home library Current library Shelving location Date acquired Total Checkouts Full call number Barcode Date last seen Date checked out Copy number Price effective from Koha item type
    Library of Congress Classification     Main Collection ARRUPE LIBRARY ARRUPE LIBRARY   04/03/2013 1 HD31.W494 1992 46003045508 09/04/2019 27/03/2019 1 04/03/2013 Monograph ( Printed materials)

 

Arrupe Library. PO Box MP320 Mt Pleasant, Harare, Zimbabwe
263 242 745411|librarian@aju.ac.zw